Descubre el turismo deportivo : Barcelona es mucho más Barcelona es mucho más
Descripción Física:
23 pàgines : il·lustracions ; 24 cm
Idioma:
Español
MARC
| LEADER | 00000nam a22000007a 4500 | ||
|---|---|---|---|
| 001 | 25705 | ||
| 003 | Arxiu | ||
| 008 | 220530b spa||||| |||| 00| 0 spa d | ||
| 017 | |a DL B 1870-2015 | ||
| 080 | |a FU-69-85 | ||
| 245 | 0 | 0 | |a Descubre el turismo deportivo : |b Barcelona es mucho más |
| 260 | |a Barcelona : |b Diputació de Barcelona, |c 2015 | ||
| 300 | |a 23 pàgines : |b il·lustracions ; |c 24 cm | ||
| 500 | |a A la portada: Barcelona és Mucho Más | ||
| 650 | 0 | |a Turisme esportiu |z Barcelona (Catalunya : Província) |9 51207 | |
| 710 | 2 | |a Barcelona es Mucho Más |e Marca turística |9 51683 | |
| 710 | 1 | |a Barcelona (Catalunya : Província). |b Diputació |9 52408 | |
| 942 | |c ARXIU |n 1 |2 udc | ||
| 952 | |0 0 |1 0 |4 0 |6 FU6985 |7 1 |9 62097 |a Arxiu |b Arxiu |d 2022-05-30 |l 0 |o FU-69-85 |p 25705 |r 2022-05-30 00:00:00 |w 2022-05-30 |y ARXIU | ||
| 952 | |0 0 |1 0 |2 udc |4 0 |6 E01990 |7 0 |8 Digital |9 63288 |a TURISME |b TURISME |d 2022-07-30 |o E.01990 |p TURISME22070371 |r 2022-07-30 00:00:00 |w 2022-07-30 |y TRIPTIC-F | ||
| 999 | |c 81806 |d 81806 | ||